Statistiques concernant Personnage historique mystérieux (avec une image cachée) n°3

Cliquez ici pour prendre le quiz!

Statistiques générales

  • Ce quiz a été pris 625 fois
  • Le résultat moyen est 6 sur 10

Réponses sur la Carte

Les réponses sont colorées sur une échelle allant du rouge au vert en fonction du pourcentage des utilisateurs qui les ont devinées à leur premier essai. Vous pouvez retrouver ces pourcentages ci-dessous.
 

Statistiques - réponses

IndicesRéponses% Correct
Conflit armé majeur du début du XXème sièclePremière Guerre mondiale
87%
Gare parisienne la plus fréquentée d'EuropeGare du Nord
82%
Personnage mystèreMarie Curie
79%
Ville-phénix et huitième ville la plus peuplée de l'UE, dont le nom commence par "V"Varsovie
76%
Prix prestigieux remis par le Roi de Suède (ou de Norvège dans certains cas)Prix Nobel
75%
Université parisienne prestigieuse où DSK et Wauquiez notamment étudièrentSorbonne
75%
Département français avec l'altitude maximale la plus élevéeHaute-Savoie
53%
Maladie consistant en un cancer des cellules de la moelle osseuseLeucémie
49%
Elément chimique radioactif de numéro atomique 84Polonium
26%
Physicien français qui découvrit la radioactivité en étudiant la fluorescenceHenri Becquerel
21%

Distribution des résultats

Percentile par nombre de réponses

% des personnes avec chaque résultat

Votre développement - résultats

Vous n’avez pas pris ce quiz